| 000 | 01224nam a2200241Ia 4500 | ||
|---|---|---|---|
| 001 | 17728 | ||
| 003 | GE_BSU | ||
| 008 | 181216s||||||||xx |||||||||||||| ||und|| | ||
| 020 | _a9789941459047 | ||
| 040 | _cGE_BSU | ||
| 080 | _a663.86 | ||
| 100 | _aბენდელიანი, ე., ფრუიძე, მ. | ||
| 245 | _aლუდის, უალკოჰოლო სასმელების და მინერალური წყლების ექსპერტიზა | ||
| 245 | _bსახელმძღვანელო უმაღლესი სკოლის სასურსათო ტექნოლოგიის სპეციალობის სტუდენტებისათვის. | ||
| 245 | _cრედ.:ქ.კინწურაშვილი | ||
| 260 | _aქუთაისი | ||
| 260 | _bაკაკი წერეთლის სახ. უნ-ტი | ||
| 260 | _c2014 | ||
| 300 | _a244გვ.20სმ. | ||
| 300 | _eბიბლ.გვ.237-239 | ||
| 653 | _aლუდის, უალკოჰოლო სასმელების და მინერალური წყლების ექსპერტიზა | ||
| 942 | _cBK | ||
| 999 |
_c50776 _d50776 |
||